Matematičeskaja statistika /

Guardado en:
Detalles Bibliográficos
Autor principal: Waerden, B.L (Autor)
Otros Autores: Boľšev, L.N (Traductor)
Formato: Libro
Lenguaje:ruso
Publicado: Moskva : I.I.L, 1960
Materias:
Etiquetas: Agregar Etiqueta
Sin Etiquetas, Sea el primero en etiquetar este registro!

MARC

LEADER 00000nam a22000003a 4500
001 stu44296
005 20150617225717.9
008 950222s1960----xxr-----------------rus-d
040 |a STU  |b slo 
041 0 |a rus 
044 |a xxr 
080 |a 519.22 
100 1 |a Boľšev, L.N  |4 trl 
245 1 |a Matematičeskaja statistika /  |c [aut.]B.L. Waerden; Z nem. L.N. Boľšev 
260 |a Moskva :  |b I.I.L,  |c 1960 
300 |a 434 s 
650 7 |a štatistika matematická  |2 stusub 
700 1 |a Waerden, B.L  |4 aut 
996 |b 284M002569  |c M*4698-1  |l MMKN  |s A  |a 24  |w stu44296_0001